000 00492nam a22001817a 4500
003 CEME
005 20210628203137.0
008 210223b xxu||||| |||| 00| 0 eng d
020 _a1-58053-244-6
040 _c.
082 _a621.3824 KUM
100 _aKumar, Girish, Ray, K..P
_963600
245 _aBroadband microstrip antennas
260 _aBOSTON
_bARTECH
_c2003
300 _aXXIII,424P
650 _aMICROSTRIP ANTENNAS, BROADBAND COMMUNICATION SYSTEMS
_963601
942 _cBK
_2ddc
999 _c572365
_d572365